Land Securities plc v Westminster CC (Record no. 38310)
[ view plain ]
| 000 -LEADER | |
|---|---|
| fixed length control field | 01580cab a2200241 4500 |
| 001 - CONTROL NUMBER | |
| control field | ABS47375 |
| 008 - FIXED-LENGTH DATA ELEMENTS--GENERAL INFORMATION | |
| fixed length control field | 090401t1992 xxu||||| |||| 00| 0 eng d |
| 035 ## - SYSTEM CONTROL NUMBER | |
| System control number | (Sirsi) u61772 |
| 041 ## - LANGUAGE CODE | |
| Language code of text/sound track or separate title | eng |
| 245 ## - TITLE STATEMENT | |
| Title | Land Securities plc v Westminster CC |
| 260 ## - PUBLICATION, DISTRIBUTION, ETC. | |
| Date of publication, distribution, etc. | 1992 |
| 350 ## - PRICE (NR) (BK AM CF MU VM SE) [OBSOLETE] | |
| Price | 0 |
| 490 ## - SERIES STATEMENT | |
| Series statement | Estates Gazette |
| Volume/sequential designation | 1992 44 EG 153-158(3) |
| 520 ## - SUMMARY, ETC. | |
| Summary, etc. | ChD 29 July 1992. Raises question of whether an arbitrator`s award determining the market rent of a property is admissible evidence in another rent review relating to a comparable property. The premises in question Westminster City Hall in Victoria Street are let to the defendant tenant Westminster CC on a 99-year lease by plaintiff landlord Land Securities plc. Lease provides for rent review at which the rent is to be fixed at two thirds of the fair market rack rent at the review date. The review which took place in March 1991 was referred to arbitration. The arbitrator issued directions that normal rules of evidence should apply. During the course of the hearing, L discovered that another arbitrator had issued an interim award in a rent review between Pearl Assurance plc and SoS for Environment determining the market rent on another office building in Victoria Street and applied to the arbitrator for leave to adduce the other arbitrator`s award as evidence of the rental value of th |
| 650 ## - SUBJECT ADDED ENTRY--TOPICAL TERM | |
| Topical term or geographic name entry element | ADMISSIBILITY |
| 650 ## - SUBJECT ADDED ENTRY--TOPICAL TERM | |
| Topical term or geographic name entry element | ARBITRATORS' AWARDS |
| 650 ## - SUBJECT ADDED ENTRY--TOPICAL TERM | |
| Topical term or geographic name entry element | COMPARABLE PROPERTY |
| 650 ## - SUBJECT ADDED ENTRY--TOPICAL TERM | |
| Topical term or geographic name entry element | EVIDENCE |
| 650 ## - SUBJECT ADDED ENTRY--TOPICAL TERM | |
| Topical term or geographic name entry element | RENT REVIEWS |
| 690 ## - LOCAL SUBJECT ADDED ENTRY--TOPICAL TERM (OCLC, RLIN) | |
| Topical term or geographic name as entry element | ARBITRATION-CASE LAW |
| 942 ## - ADDED ENTRY ELEMENTS (KOHA) | |
| Suppress in OPAC | 0 |
| 948 ## - LOCAL PROCESSING INFORMATION (OCLC); SERIES PART DESIGNATOR (RLIN) | |
| c (OCLC) | 04/03/1997 |
| Withdrawn status | Lost status | Source of classification or shelving scheme | Damaged status | Not for loan | Home library | Current library | Shelving location | Date acquired | Total Checkouts | Full call number | Barcode | Date last seen | Copy number | Price effective from | Koha item type |
|---|---|---|---|---|---|---|---|---|---|---|---|---|---|---|---|
| Dewey Decimal Classification | London | London | Journal article | 14/09/1999 | ABS47375 | 61772-1001 | 06/08/2019 | 1 | 06/08/2019 | Law report |